|
|
|
|
| LEADER |
00000nam0a2200000 4500 |
| 001 |
119603 |
| 005 |
20231031124654.0 |
| 020 |
|
|
|a RU
|b 83-29436
|
| 035 |
|
|
|a (RuTPU)RU\TPU\book\129452
|
| 090 |
|
|
|a 119603
|
| 100 |
|
|
|a 20070719d1983 m a0rusy5003 ca
|
| 101 |
0 |
|
|a rus
|
| 102 |
|
|
|a RU
|
| 105 |
|
|
|a a z 001zy
|
| 200 |
1 |
|
|a Системы цифрового управления самолетом
|f под ред. А. Д. Александрова, С. М. Федорова
|
| 210 |
|
|
|a Москва
|c Машиностроение
|d 1983
|
| 215 |
|
|
|a 223 с.
|c ил.
|
| 320 |
|
|
|a Библиогр.: с. 220-221.
|
| 610 |
1 |
|
|a цифровое управление
|
| 610 |
1 |
|
|a самолеты
|
| 675 |
|
|
|a 629.73.05:681.3
|v 3
|
| 702 |
|
1 |
|a Александров
|b А. Д.
|g Алексей Дмитриевич
|4 340
|
| 702 |
|
1 |
|a Федоров
|b С. М.
|4 340
|
| 801 |
|
0 |
|a RU
|b RuMRKP
|c 19950704
|g psbo
|
| 801 |
|
1 |
|a RU
|b 63413507
|c 20070719
|g PSBO
|
| 801 |
|
2 |
|a RU
|b 63413507
|c 20080414
|g PSBO
|
| 942 |
|
|
|c BK
|